Na cestu novému regionalistickému časopisu

Časopis Region direct - zavŕšenie mnohoročného úsilia slovenskej regionálno-ekonomickej obce etablovať sa aj týmto viditeľným spôsobom. Ambícia časopisu - spolupracovať s českými univerzitami a s európskou regionalistickou vedou. Časopis Region direct - otvorený vedeckým statiam, diskusným príspevko...

Descrizione completa

Salvato in:
Dettagli Bibliografici
Autore principale: Buček, Milan
Natura: Capitolo di libro
Lingua:slovacco
Soggetti:
Tags: Aggiungi Tag
Nessun Tag, puoi essere il primo ad aggiungerne!!

MARC

LEADER 00000naa$a2200000$$$4500
001 0091246
005 20240502072022.6
041 0 |a slo 
044 |a SK 
245 1 0 |a Na cestu novému regionalistickému časopisu  |c Milan Buček 
520 |a Časopis Region direct - zavŕšenie mnohoročného úsilia slovenskej regionálno-ekonomickej obce etablovať sa aj týmto viditeľným spôsobom. Ambícia časopisu - spolupracovať s českými univerzitami a s európskou regionalistickou vedou. Časopis Region direct - otvorený vedeckým statiam, diskusným príspevkom a informáciám v kontexte problematiky regionálneho rozvoja, regionálnej politiky a európskej integrácie. 
610 2 0 |a regióny 
610 2 0 |a rozvoj regionálny 
610 2 0 |a politika regionálna 
610 2 0 |a časopisy 
100 1 |a Buček, Milan